Clubs de D1 Arkema (2023-2024) - Statistiques

Statistiques générales
  • Ce quiz a été pris 63 fois
  • Le résultat moyen est 8 sur 12
Statistiques - réponses
% Correct
Ligue 1 Olympique Lyonnais
100%
Ligue 1 Paris Saint-Germain
100%
Ligue 1 Girondins de Bordeaux
76%
Ligue 1 Montpellier
76%
Ligue 1 LOSC Lille
70%
Ligue 1 Paris FC
69%
Ligue 1 Dijon
63%
Ligue 1 FC Fleury
56%
Ligue 1 Stade de Reims
56%
Ligue 1 Le Havre
46%
Ligue 1 En Avant Guingamp
43%
Ligue 1 AS Saint-Étienne
15%
Aucun quiz correspondant
Distribution des résultats
% des personnes avec chaque résultat
Percentile par nombre de réponses
Votre historique - résultats
Vous n’avez pas pris ce quiz